Library Logo

Pioneer International University Library Catalogue

The politics of communication (Record no. 2526)

MARC details
000 -LEADER
fixed length control field 00332nam a22000977a 4500
005 - DATE AND TIME OF LATEST TRANSACTION
control field 20250901165339.0
008 - FIXED-LENGTH DATA ELEMENTS--GENERAL INFORMATION
fixed length control field 210315b ||||| |||| 00| 0 eng d
050 ## - LIBRARY OF CONGRESS CALL NUMBER
Classification number JC328.2 .M84 1973
245 ## - TITLE STATEMENT
Title The politics of communication
Remainder of title a study in the political sociology of language, socialization, and legitimation
Statement of responsibility, etc. MUELLER, CLAUS
942 ## - ADDED ENTRY ELEMENTS (KOHA)
Source of classification or shelving scheme Dewey Decimal Classification
Holdings
Withdrawn status Lost status Source of classification or shelving scheme Damaged status Not for loan Home library Current library Shelving location Date acquired Total checkouts Full call number Barcode Date last seen Price effective from Koha item type
    Library of Congress Classification     Main Library Main Library   03/15/2021   JC328.2 .M84 1973 PIU0005212 03/15/2021 03/15/2021 Books